| 000 | 01465 a2200253 4500 | ||
|---|---|---|---|
| 001 | 118289 | ||
| 020 | _a9788574069630 | ||
| 020 | _qenc. | ||
| 041 | _apor | ||
| 082 | _a[E] | ||
| 100 | _aKeats, Ezra Jack. | ||
| 240 | 1 | 0 | _aThe snowy day |
| 300 | _a[32] p. | ||
| 520 | _alivro ilustrado, esta é a primeira obra de Ezra Jack Keats publicada no Brasil. Nela conhecemos Peter e sua primeira aventura em um dia de neve. Em uma manhã de inverno, Peter acorda e vê pela janela que tudo está coberto pela neve. Então ele resolve sair para explorar a vizinhança nevada… e descobrir novas brincadeiras! Com leveza e animação, os leitores são convidados a acompanhar as aventuras desse garoto curioso e empolgado em viver novas experiências. Em um livro ilustrado que marcou sua época, Ezra Jack Keats foi considerado pioneiro ao retratar um cenário urbano e multicultural para as crianças. Com ilustrações a partir de colagens de papéis e tecidos de todo o mundo, o livro se tornou um clássico desde sua publicação em 1962. Livro indicado para leitores a partir de 4 anos. | ||
| 697 | _aSnow - Fiction. | ||
| 697 | _aAfrican Americans - Fiction. | ||
| 856 | _u00002f/00002f98.jpg | ||
| 040 |
_aBR-BrIDEA _cBR-BrIDEA |
||
| 090 |
_aYear 1 [E] _bKEA |
||
| 245 | 1 | 0 |
_aUm dia de neve _cEzra Jack Keats ; tradução de Julia Bussius |
| 260 |
_aSão Paulo _bCompanhia das Letrinhas _c2021 |
||
| 700 |
_aBussius, Julia _etradutora |
||
| 942 | _cBK | ||
| 999 |
_c118289 _d118289 |
||